000 01115nam a22001817a 4500
005 20250127193501.0
008 250127b |||||||| |||| 00| 0 eng d
020 _a9788120328594
_qpbk
041 _aeng
082 _a658.7
_bALT
100 _aAtlekar, Rahul V.
245 _aSupply Chain Management: Concepts and Cases
_cAtlekar, Rahul V.
260 _aNew Delhi
_bPHI
_c2009
300 _axvii, 453 p.
520 _aIn response to the increasing significance attached to supply chain management in both academic and professional areas, this text intends to build a bridge and highlight the relationship between various disciplines of SCM like demand planning, manufacturing planning, logistics planning, analytical IT management, global e-biz modeling, performance benchmarking etc. Primarily intended to address the typical and general syllabus requirements of postgraduate management programmes, and undergraduate and postgraduate engineering programmes, this book also caters to the needs of the industry professionals in the supply chain domain.
650 _aSupply chain management
942 _cENGLISH
999 _c568271
_d568271